Statistics for Jetpunk Minecraft Server Quiz

Click here to take the quiz!

General Stats

  • This quiz has been taken 10 times
  • The average score is 6 of 11

Answer Stats

Answer% Correct
Jetpunkers' Republic of Japan
88%
People's Republic of Savannia
75%
Savannia Town
75%
Rg1227
63%
Switzerland 2: Electric Boogaloo
63%
United Monarchistic Federation of the Finnish Republic
63%
Dallas
50%
Republic of Texas
50%
TheLetter4
50%
Nobaka City
25%
Tampere
25%

Score Distribution

Percentile by Number Answered

Percent of People with Each Score

Your Score History

You have not taken this quiz